| Tag |
First Indicator |
Second Indicator |
Subfields |
| LEADER |
00000cam a2200000 4500 |
| 001 |
in00000025169 |
| 005 |
20151007061122.0 |
| 008 |
800627s1958 nyu 00000 eng d |
| 035 |
|
|
|a (OCoLC)06468919
|
| 035 |
|
|
|9 AAD1145AM
|
| 040 |
|
|
|a TXA
|c TXA
|d UtOrBLW
|
| 049 |
|
|
|a TXAM
|c [289395]
|
| 090 |
|
|
|a TA439
|b .B46 1958
|
| 092 |
|
|
|a 691.3
|b B515
|
| 110 |
0 |
|
|a Berliner, (J.J.) and Staff, New York.
|
| 245 |
1 |
0 |
|a Light weight concrete.
|
| 264 |
|
1 |
|a New York,
|b [publisher not identified] ;
|c [1958?]
|
| 300 |
|
|
|a 51 pages
|
| 336 |
|
|
|a text
|b txt
|2 rdacontent
|
| 337 |
|
|
|a unmediated
|b n
|2 rdamedia
|
| 338 |
|
|
|a volume
|b nc
|2 rdacarrier
|
| 500 |
|
|
|a "A Berliner research report."
|
| 650 |
|
0 |
|a Lightweight concrete.
|
| 999 |
|
|
|a MARS
|
| 999 |
f |
f |
|s ece90234-88d2-338c-b0dd-97af90a308cd
|i 1c0d1368-1365-3b4a-a4ba-fb5236d566c3
|t 0
|
| 952 |
f |
f |
|p ric
|a Texas A&M University
|b Rellis Campus
|c Joint Library Facility
|d Remote Storage
|t 0
|e TA439 .B46 1958
|h Library of Congress classification
|i unmediated -- volume
|m A14801138633
|
| 998 |
f |
f |
|a TA439 .B46 1958
|t 0
|l Remote Storage
|